00607nam a2200205 a 4500001001300000003000900013005001700022008004100039020002300080082001500103100002700118245007600145260003900221300000900260500003500269505001000304650002500314650003500339700002700374nice12345678IN_TiNIC20260116013239.0050524s1994 dela grp 000 0 eng  a812087X c42500a291.2bBHA aBhattacharyya, Haridas aFoundations of Living Faithsb an Introduction to Comparative Religion. aDelhi bMotilal Banarsidass c1994 a557p aincludes index and biblioraphy2 aIndex aComparative Religion aComparative Religion-Doctrines1 aBhattacharyya, Haridas